<?xml version="1.0" encoding="UTF-8"?>
<record
    xmlns:xsi="http://www.w3.org/2001/XMLSchema-instance"
    xsi:schemaLocation="http://www.loc.gov/MARC21/slim http://www.loc.gov/standards/marcxml/schema/MARC21slim.xsd"
    xmlns="http://www.loc.gov/MARC21/slim">

  <leader>01321nam a2200205Ia 4500</leader>
  <controlfield tag="003">3228</controlfield>
  <controlfield tag="005">20250424155920.0</controlfield>
  <controlfield tag="008">220713s9999    xx            000 1 AFR d</controlfield>
  <datafield tag="020" ind1=" " ind2=" ">
    <subfield code="a">978 0639606262</subfield>
  </datafield>
  <datafield tag="040" ind1=" " ind2=" ">
    <subfield code="a">RDA</subfield>
    <subfield code="c">OCLC</subfield>
    <subfield code="d">3228</subfield>
  </datafield>
  <datafield tag="082" ind1=" " ind2=" ">
    <subfield code="a">AF JOUB</subfield>
  </datafield>
  <datafield tag="100" ind1=" " ind2=" ">
    <subfield code="a">Joubert, Irma  </subfield>
    <subfield code="9">107613</subfield>
  </datafield>
  <datafield tag="245" ind1=" " ind2="0">
    <subfield code="a">Na 'n plaas in Afrika.</subfield>
    <subfield code="c">Irma Joubert.</subfield>
  </datafield>
  <datafield tag="250" ind1=" " ind2=" ">
    <subfield code="a">Eerste uitgawe eerste druk </subfield>
    <subfield code="b">2021</subfield>
  </datafield>
  <datafield tag="260" ind1=" " ind2=" ">
    <subfield code="a">Midrand;</subfield>
    <subfield code="b">Lapa Uitgewers;</subfield>
    <subfield code="c">2022</subfield>
  </datafield>
  <datafield tag="300" ind1=" " ind2=" ">
    <subfield code="a">557 pages;</subfield>
    <subfield code="c">20 cm.</subfield>
  </datafield>
  <datafield tag="520" ind1=" " ind2=" ">
    <subfield code="a">n 1939 bars die oorlogbom in Europa. Drie miljoen kinders word uit London ontruim na veiliger gebiede. Een van hulle is die sesjarige Charles Smith, op pad na &#x2019;n onbekende tante van sy pa in &#x2019;n klein dorpie in Skotland. By aunty Grace wag &#x2019;n nuwe lewe op hom.

Aan die anderkant van Europa ruk die Duitse Sesde Le&#xEB;r op teen Rusland. Tussen die manskappe is die vurige majoor Oswald von Stein, Hildegard se stiefseun. Voor hulle wag die Russiese winter, Stalingrad en die krygsgevangenekampe van Siberi&#xEB;. 90 000 word gevange geneem, net sesduisend oorleef.

Charles en Oswald beleef teenoorgestelde kante van die oorlog. Beide bevind hulself egter op pad na &#x2019;n plaas in Afrika waar hul paaie sal kruis met di&#xE9; vanklein Ester, Hildegard, Mentje en Tinus.</subfield>
  </datafield>
  <datafield tag="942" ind1=" " ind2=" ">
    <subfield code="2">ddc</subfield>
    <subfield code="c">BOOK</subfield>
    <subfield code="y">296</subfield>
    <subfield code="z">Phillipina Naude</subfield>
  </datafield>
  <datafield tag="942" ind1=" " ind2=" ">
    <subfield code="c">BK</subfield>
    <subfield code="2">ddc</subfield>
  </datafield>
  <datafield tag="999" ind1=" " ind2=" ">
    <subfield code="c">665663</subfield>
    <subfield code="d">665662</subfield>
  </datafield>
  <datafield tag="952" ind1=" " ind2=" ">
    <subfield code="0">0</subfield>
    <subfield code="1">0</subfield>
    <subfield code="4">0</subfield>
    <subfield code="7">0</subfield>
    <subfield code="a">KOMAL</subfield>
    <subfield code="b">KOMAL</subfield>
    <subfield code="d">2022-06-01</subfield>
    <subfield code="g">280.00</subfield>
    <subfield code="l">0</subfield>
    <subfield code="o">AF JOUB</subfield>
    <subfield code="p">33909000492432</subfield>
    <subfield code="r">2022-06-01</subfield>
    <subfield code="w">2022-06-01</subfield>
    <subfield code="y">BK</subfield>
    <subfield code="z">KOM059/21</subfield>
  </datafield>
  <datafield tag="952" ind1=" " ind2=" ">
    <subfield code="0">0</subfield>
    <subfield code="1">0</subfield>
    <subfield code="4">0</subfield>
    <subfield code="7">0</subfield>
    <subfield code="a">HENDL</subfield>
    <subfield code="b">HENDL</subfield>
    <subfield code="d">2022-06-23</subfield>
    <subfield code="g">310.00</subfield>
    <subfield code="l">0</subfield>
    <subfield code="p">33089000221014</subfield>
    <subfield code="r">2022-06-23</subfield>
    <subfield code="w">2022-06-23</subfield>
    <subfield code="y">BK</subfield>
    <subfield code="z">020/21</subfield>
  </datafield>
  <datafield tag="952" ind1=" " ind2=" ">
    <subfield code="0">0</subfield>
    <subfield code="1">0</subfield>
    <subfield code="4">0</subfield>
    <subfield code="7">0</subfield>
    <subfield code="a">GERAL</subfield>
    <subfield code="b">GERAL</subfield>
    <subfield code="d">2022-07-13</subfield>
    <subfield code="g">280.00</subfield>
    <subfield code="l">2</subfield>
    <subfield code="p">33809000367925</subfield>
    <subfield code="r">2025-10-03</subfield>
    <subfield code="s">2025-09-18</subfield>
    <subfield code="w">2022-07-13</subfield>
    <subfield code="y">BK</subfield>
    <subfield code="z">GER 076/21</subfield>
  </datafield>
  <datafield tag="952" ind1=" " ind2=" ">
    <subfield code="0">0</subfield>
    <subfield code="1">0</subfield>
    <subfield code="4">0</subfield>
    <subfield code="7">0</subfield>
    <subfield code="a">GERAL</subfield>
    <subfield code="b">GERAL</subfield>
    <subfield code="d">2022-07-13</subfield>
    <subfield code="g">280.00</subfield>
    <subfield code="l">0</subfield>
    <subfield code="p">33909000515687</subfield>
    <subfield code="r">2022-07-13</subfield>
    <subfield code="w">2022-07-13</subfield>
    <subfield code="y">BK</subfield>
    <subfield code="z">GER 011/21</subfield>
  </datafield>
  <datafield tag="952" ind1=" " ind2=" ">
    <subfield code="0">0</subfield>
    <subfield code="1">0</subfield>
    <subfield code="2">ddc</subfield>
    <subfield code="4">0</subfield>
    <subfield code="7">0</subfield>
    <subfield code="8">F</subfield>
    <subfield code="a">STANRL</subfield>
    <subfield code="b">STANDL</subfield>
    <subfield code="c">FIC</subfield>
    <subfield code="d">2024-08-12</subfield>
    <subfield code="g">290.50</subfield>
    <subfield code="l">0</subfield>
    <subfield code="o">AF JOUB</subfield>
    <subfield code="p">33228031152876</subfield>
    <subfield code="r">2024-08-12</subfield>
    <subfield code="w">2024-08-12</subfield>
    <subfield code="y">BOOK</subfield>
  </datafield>
  <datafield tag="952" ind1=" " ind2=" ">
    <subfield code="0">0</subfield>
    <subfield code="1">0</subfield>
    <subfield code="2">ddc</subfield>
    <subfield code="4">0</subfield>
    <subfield code="7">0</subfield>
    <subfield code="8">F</subfield>
    <subfield code="a">STANRL</subfield>
    <subfield code="b">BETHL</subfield>
    <subfield code="c">FIC</subfield>
    <subfield code="d">2024-08-12</subfield>
    <subfield code="g">290.50</subfield>
    <subfield code="l">0</subfield>
    <subfield code="o">AF JOUB</subfield>
    <subfield code="p">33228031152880</subfield>
    <subfield code="r">2024-08-12</subfield>
    <subfield code="w">2024-08-12</subfield>
    <subfield code="y">BOOK</subfield>
  </datafield>
  <datafield tag="952" ind1=" " ind2=" ">
    <subfield code="0">0</subfield>
    <subfield code="1">0</subfield>
    <subfield code="2">ddc</subfield>
    <subfield code="4">0</subfield>
    <subfield code="7">0</subfield>
    <subfield code="8">F</subfield>
    <subfield code="a">STANRL</subfield>
    <subfield code="b">MORGL</subfield>
    <subfield code="c">FIC</subfield>
    <subfield code="d">2024-08-12</subfield>
    <subfield code="g">290.50</subfield>
    <subfield code="l">0</subfield>
    <subfield code="o">AF JOUB</subfield>
    <subfield code="p">33228031152877</subfield>
    <subfield code="r">2024-08-12</subfield>
    <subfield code="w">2024-08-12</subfield>
    <subfield code="y">BOOK</subfield>
  </datafield>
  <datafield tag="952" ind1=" " ind2=" ">
    <subfield code="0">0</subfield>
    <subfield code="1">0</subfield>
    <subfield code="2">ddc</subfield>
    <subfield code="4">0</subfield>
    <subfield code="7">0</subfield>
    <subfield code="a">ERMELL</subfield>
    <subfield code="b">ERMELL</subfield>
    <subfield code="c">FIC</subfield>
    <subfield code="d">2024-10-31</subfield>
    <subfield code="g">297.46</subfield>
    <subfield code="l">0</subfield>
    <subfield code="o">AF JOUB</subfield>
    <subfield code="p">3300302520674</subfield>
    <subfield code="r">2024-10-31</subfield>
    <subfield code="w">2024-10-31</subfield>
    <subfield code="y">BOOK</subfield>
  </datafield>
</record>
